00285nam a2200121Ia 4500008004100000041000900041082001800050100002200068245002600090260003100116300000800147650000800155230718s9999 xx 000 0 und d aEng. a345549bQUR-C aQureshi, M. Akram 0aCode of Criminal 1898 aPakistanbPunjab Lawc2016 a627 aLaw